000 00424nam a2200133Ia 4500
005 20260328101443.0
008 260328s9999||||xx |||||||||||||| ||und||
100 _aDíaz-Berrio Fernández, Salvador
245 0 _aComentarios a la Carta Internacional de Venecia /
_cSalvador Díaz-Berrio Fernández
260 _bUniversidad Autónoma Metropolitana
300 _a54 p.
650 _aCONSERVACIÓN Y RESTAURACIÓN
942 _cBK
999 _c8373
_d8373